| 000 | 00955nam a2200277 c 4500 | ||
|---|---|---|---|
| 999 |
_c187239 _d187239 |
||
| 003 | BLK | ||
| 005 | 20200416151601.0 | ||
| 008 | 180411b bul|||||r ||||||| ||bul|| | ||
| 010 | _aKNG00196246000 | ||
| 040 | _aBLK | ||
| 041 |
_aBUL _cBUL |
||
| 080 |
_aБългарска литература _b821.163.2 _x-4 _z821.163.2-4 |
||
| 100 | 1 |
_aМихайлов, Антон _eпърви автор _gГеоргиев, Антон Михайлов _9327332 |
|
| 139 |
_aМихайлов, Антон _bМ 74 |
||
| 245 | 1 | 0 |
_aДа заминеш и да се завърнеш _bМиниатюри _cАнтон Михайлов. |
| 257 | _aBGR | ||
| 260 |
_bХристо Г. Данов _c1986 |
||
| 300 |
_a80 с. _c20 см |
||
| 380 | _aX | ||
| 500 | _a7 137 тир. | ||
| 852 | _aЦб 142390 | ||
| 856 | 4 | _qpdf | |
| 856 | 4 | _qpdf | |
| 942 |
_cKNG _n0 _s1 |
||
| 944 |
_aCR _c16.11.2016 _kКина_Георгиева |
||
| 944 |
_aED _c16.11.2016 _kКина_Георгиева |
||
| 999 | _d187239 | ||